NBA 2018-2019 Points Per Game Leaders - Statistics

General Stats
  • This quiz has been taken 17 times
  • The average score is 23 of 25
Answer Stats
Team Player % Correct
Trail Blazers Damian Lillard
100%
Suns Devin Booker
100%
Bucks Giannis Antetokounmpo
100%
Rockets James Harden
100%
76ers Joel Embiid
100%
Warriors Kevin Durant
100%
Warriors Klay Thompson
100%
Lakers Lebron James
100%
Thunder Russell Westbrook
100%
Warriors Steph Curry
100%
Wizards Bradley Beal
94%
Spurs DeMar DeRozan
94%
Jazz Donovan Mitchell
94%
Timberwolves Karl Anthony-Towns
94%
Raptors Kawhi Leonard
94%
Hornets Kemba Walker
94%
Mavericks Luka Doncic
94%
Bulls Zach LaVine
94%
Pistons Blake Griffin
88%
Spurs Lamarcus Aldridge
88%
Thunder Paul George
88%
Pelicans Anthony Davis
81%
Pelicans Jrue Holiday
81%
Celtics Kyrie Irving
75%
Pelicans Julius Randle
13%
No matching quizzes found
Score Distribution
Percent of People with Each Score
Percentile by Number Answered
Your Score History
You have not taken this quiz